00722nam a2200241 a 4500001001300000003000900013005001700022008004100039020001000080082002100090100002600111245002000137260003200157300001000189500003500199505002000234650002700254700002600281902000800307942000700315952014500322999001300467nice12345678IN_TiNIC20260116011354.0050524s1950 dela grd 000 0 ara  ac10000a492.7391439bBAL aBaliawi, Abdul Hafeez aMisbahul Lughat aDelhibMaktaba Burhanc1950 a1022p aincludes index and biblioraphy2 aIndex, Glossary aDictionary-Arabic Urdu1 aBaliawi, Abdul Hafeez bSRS cBK 001040708StackRoom-aHMIbHMId2007-11-21g100.00l3o492.7391439 BALp03520q2026-02-24r2026-02-10s2026-02-10v100.00w2005-05-24yBK c941d941